Formal modelling and analysis of energy efficient and secure wireless sensor network (WSN) routing protocol (Record no. 13395)

000 -LEADER
fixed length control field 00557nam a22001337a 4500
082 ## - DEWEY DECIMAL CLASSIFICATION NUMBER
Classification number MSCCS-4 AHM
100 ## - MAIN ENTRY--PERSONAL NAME
Personal name Naveed Ahmed Khan
9 (RLIN) 98968
245 ## - TITLE STATEMENT
Title Formal modelling and analysis of energy efficient and secure wireless sensor network (WSN) routing protocol
260 ## - PUBLICATION, DISTRIBUTION, ETC.
Place of publication, distribution, etc. Islamabad
Name of publisher, distributor, etc. NUST-SEECS
Date of publication, distribution, etc. 2015
300 ## - PHYSICAL DESCRIPTION
Extent 81p.
Other physical details ill.;
Accompanying material CD-ROM
500 ## - GENERAL NOTE
General note Supervisors: Formal modelling and analysis of energy efficient and secure wireless sensor network (WSN) routing protocol
856 ## - ELECTRONIC LOCATION AND ACCESS
Uniform Resource Identifier <a href="http://10.250.8.41:8080/xmlui/handle/123456789/8035">http://10.250.8.41:8080/xmlui/handle/123456789/8035</a>
942 ## - ADDED ENTRY ELEMENTS (KOHA)
Koha item type Project Report
Source of classification or shelving scheme
Holdings
Withdrawn status Lost status Damaged status Not for loan Collection code Permanent Location Current Location Shelving location Date acquired Total Checkouts Full call number Barcode Date last seen Price effective from Koha item type Source of classification or shelving scheme
          Central Library (CL) Central Library (CL) Reference 12/14/2015   MSCCS-4 AHM SEECSP01787 12/14/2015 12/14/2015 Project Report  
          Central Library (CL) Central Library (CL) Thesis 10/04/2019   621.3 CL-T-3382 10/04/2019 10/04/2019 Thesis  
© 2023 Central Library, National University of Sciences and Technology. All Rights Reserved.